Statistics for PAYDAY 2 Playable Characters

Click here to take the quiz!

General Stats

  • This quiz has been taken 98 times
  • The average score is 15 of 21

Answer Stats

Answer% Correct
Dallas
100%
Houston
96%
Chains
95%
Hoxton
95%
Wolf
91%
Sydney
82%
Bonnie
80%
Clover
78%
John Wick
75%
Jacket
73%
Jimmy
73%
Joy
71%
Jiro
65%
Duke
64%
Dragan
56%
Sokol
56%
Ethan
55%
Rust
51%
Bodhi
47%
Hila
45%
Sangres
45%

Score Distribution

Percentile by Number Answered

Percent of People with Each Score

Your Score History

You have not taken this quiz